Štruktúra (oblasti) rozpočtovej politiky v podmienkach SR bakalárska práca

Uložené v:
Podrobná bibliografia
Hlavný autor: Frgelec, Juraj
Korporativný autor: Národohospodárska fakulta EU. Katedra hospodárskej politiky
Ďalší autori: Havettová, Miroslava
Médium: Kniha
Jazyk:Slovak
Vydavateľské údaje: Bratislava 2010
Tagy: Pridať tag
Žiadne tagy, Buďte prvý, kto otaguje tento záznam!

MARC

LEADER 00000nbm a2200000 4500
001 0133027
005 20161109111501.5
041 0 |a slo 
044 |a SK 
245 1 0 |a Štruktúra (oblasti) rozpočtovej politiky v podmienkach SR  |b bakalárska práca  |c Juraj Frgelec ; školiteľ: Miroslava Havettová 
264 1 |a Bratislava  |c 2010 
300 |a 54 s. 
100 1 |a Frgelec, Juraj 
700 1 |a Havettová, Miroslava 
710 2 |a Národohospodárska fakulta EU. Katedra hospodárskej politiky